An introduction to applied linguistics

Tallennettuna:
Bibliografiset tiedot
Päätekijä:  An introduction to applied linguistics
Aineistotyyppi: Sách
Kieli:Undetermined
Julkaistu:  Routledge  2020
Aiheet:
Tagit: Lisää tagi
Ei tageja, Lisää ensimmäinen tagi!
Thư viện lưu trữ: Trung tâm Thư viện - Trường Đại học Công nghiệp TP. Hồ Chí Minh
LEADER 00458nam a2200145Ia 4500
001 UIH_08308
008 241002s9999 xx 000 0 und d
082 |a  418 
100 |a  An introduction to applied linguistics 
245 0 |a  An introduction to applied linguistics 
260 |b  Routledge 
260 |c  2020 
650 |a Applied linguistics 
927 |a Sách 
980 |a Trung tâm Thư viện - Trường Đại học Công nghiệp TP. Hồ Chí Minh